Tin học 11 : Sách giáo viên

Gồm 6 chương: một số khái niệm về lập trình và ngôn ngữ lập trình, chương trình đơn giản, cấu trúc rẽ nhánh và lập, kiểu dữ liệu có cấu trúc, tệp và thao tác với tệp, chương trình con và lập trình có cấu trúc...

Полное описание

Сохранить в:
Библиографические подробности
Главный автор: Hồ, Sĩ Đàm
Формат:
Язык:Undetermined
Опубликовано: Hà Nội Giáo dục Việt Nam 2013
Предметы:
Метки: Добавить метку
Нет меток, Требуется 1-ая метка записи!
Thư viện lưu trữ: Trung tâm Học liệu Trường Đại học Cần Thơ
LEADER 00991nam a2200229Ia 4500
001 CTU_236783
008 210402s9999 xx 000 0 und d
020 |c 8800 
082 |a 005.0712 
082 |b Đ104 
100 |a Hồ, Sĩ Đàm 
245 0 |a Tin học 11 : 
245 0 |b Sách giáo viên 
245 0 |c Hồ Sĩ Đàm (Chủ biên) 
260 |a Hà Nội 
260 |b Giáo dục Việt Nam 
260 |c 2013 
520 |a Gồm 6 chương: một số khái niệm về lập trình và ngôn ngữ lập trình, chương trình đơn giản, cấu trúc rẽ nhánh và lập, kiểu dữ liệu có cấu trúc, tệp và thao tác với tệp, chương trình con và lập trình có cấu trúc 
650 |a Computers,Tin học 
650 |x Study and teaching (Secondary),Dạy và học (Trung học) 
904 |i Hải 
980 |a Trung tâm Học liệu Trường Đại học Cần Thơ